00438cam a2200121K 450008200180000010000160001824500790003426000490011330000090016249000900017150000420026165000130030304a574.19296 SYN1 aSynge,R.L.<10aBiologicla Aspects of Proreins : in the lights of recent chemical studies aLondon,c1952bRoyal Institiute of chemistry a15p.1 aRoyal Institute of Chemistry. Lectures, monographs and reports, 1952,No.51  aSecend P.F.Frankland Memorial Lecture 0aProteins